00923nam a2200193 a 450000100100000000500170001000800410002704000250006808200150009311100850010824501350019326000520032830000210038049001000040150400730050150500290057470000260060383001000062900004111220201002034629.0130918s1969 sp r 001 0 spa d aDO-SdBNPbspacBNPHU axxxxbxxxx2 aAsociación Internacional de los Trabajadores. Federación Regional Española10aActas de los consejos y comisión federal de la región española :b(1870-1874) /cestudio preliminar por Carlos Seco Serrano. aBarcelona :bUniversidad de Barcelona,c[1969]. a345 p. ;c26 cm.1 adocumentos para el estudio de los movimientos obreros en España en la época contemporánea aIncluye referencias bibliográficas y notas al pie de las páginas1 gv. 2tComisión federal1 aSeco Serrano, Carlos, 0adocumentos para el estudio de los movimientos obreros en España en la época contemporánea